Il ritorno

Uloženo v:
Podrobná bibliografie
Hlavní autor: Garzia Giuseppe
Médium: Kniha
Jazyk:neznámý jazyk
Vydáno: Milano Il dito e la luna 1999
Tagy: Přidat tag
Žádné tagy, Buďte první, kdo vytvoří štítek k tomuto záznamu!

MARC

LEADER 00000nam a2200000Ia 4500
001 92
003 NUMERAZIONE-ORIGINALE-BRESCIA
005 20260206230748.0
008 260206s9999 xx 000 0 und d
100 |a Garzia Giuseppe 
245 0 |a Il ritorno 
260 |a Milano 
260 |b Il dito e la luna 
260 |c 1999 
500 |a Storie erotiche tra uomini 
942 |2 ddc  |c BK  |n 0 
952 |0 0  |1 0  |2 ddc  |4 0  |6 14  |7 0  |9 28278  |a BS  |b BS  |d 2026-02-06  |i 92  |l 0  |o 1-4-*  |r 2026-02-06 22:40:32  |w 2026-02-06  |x [REVISIONARE]  |y BK 
999 |c 23974  |d 23974